[Event "CRO-chT1A 28th"]
[Site "Mali Losinj"]
[Date "2019.10.02"]
[Round "5.46"]
[White "Feletar, Darko"]
[Black "Brulic, Denis"]
[Result "1-0"]
[WhiteElo "2356"]
[BlackElo "2230"]
[PlyCount "85"]
[EventDate "2019.09.28"]
[EventType "team-tourn"]
[EventRounds "9"]
[EventCountry "CRO"]
[SourceTitle "EXT 2020"]
[Source "ChessBase"]
[SourceDate "2019.10.17"]
[SourceVersion "1"]
[SourceVersionDate "2019.10.17"]
[SourceQuality "1"]
[WhiteTeam "Osijek Ferit"]
[BlackTeam "Split Mornar"]
[WhiteTeamCountry "CRO"]
[BlackTeamCountry "CRO"]

1. Nf3 Nf6 2. c4 e6 3. g3 d5 4. Bg2 Nbd7 5. b3 c6 6. 0-0 Bd6 7. d4 Ne4 8. Qc2 0-0 9. Ba3 Bxa3 10. Nxa3 Qe7 11. Nb1 b6 12. Nbd2 Nxd2 13. Nxd2 Ba6 14. e4 Rac8 15. Rfe1 Qf6 16. Qb2 Bb7 17. Rad1 Rfd8 18. b4 Rc7 19. Rc1 Rdc8 20. Rc2 Qd8 21. Rec1 Nf6 22. e5 Ne8 23. c5 Ba6 24. Qb3 Rb7 25. a3 Be2 26. Qe3 Bb5 27. Bf1 Bxf1 28. Kxf1 a5 29. Nb3 axb4 30. axb4 bxc5 31. Na5 Rxb4 32. Rxc5 Rb5 33. Nxc6 Rxc5 34. Rxc5 Qd7 35. Ne7+ Qxe7 36. Rxc8 f6 37. Qc3 fxe5 38. dxe5 Qd7 39. Qc5 Kf7 40. Ra8 Kg6 41. Ra7 Qd8 42. Qf8 Qc8 43. Rxg7+ 1-0

[Event "CRO-chT1B 27th"]
[Site "Biograd"]
[Date "2018.09.21"]
[Round "7.26"]
[White "Grgurevic, Boris"]
[Black "Brulic, Denis"]
[Result "1/2-1/2"]
[WhiteElo "2145"]
[BlackElo "2232"]
[PlyCount "36"]
[EventDate "2018.09.15"]
[EventType "team-swiss"]
[EventRounds "9"]
[EventCountry "CRO"]
[SourceTitle "CBM 186 Extra"]
[Source "ChessBase"]
[SourceDate "2018.08.24"]
[SourceVersion "1"]
[SourceVersionDate "2018.08.24"]
[SourceQuality "1"]
[WhiteTeam "Sibenik"]
[BlackTeam "Split Mornar"]
[WhiteTeamCountry "CRO"]
[BlackTeamCountry "CRO"]

1. e4 c5 2. Nf3 e6 3. c3 Nf6 4. e5 Nd5 5. d4 cxd4 6. cxd4 d6 7. exd6 Bxd6 8. Nc3 Nxc3 9. bxc3 Qc7 10. Qb3 Nd7 11. Ba3 0-0 12. Bxd6 Qxd6 13. Bb5 Nf6 14. Ne5 b6 15. Bc6 Rb8 16. 0-0 Bb7 17. Bxb7 Rxb7 18. Rfd1 Rc7 1/2-1/2

[Event "CRO-chT1B 27th"]
[Site "Biograd"]
[Date "2018.09.20"]
[Round "6.46"]
[White "Brulic, Denis"]
[Black "Curic, Drazen"]
[Result "1-0"]
[WhiteElo "2232"]
[BlackElo "2133"]
[PlyCount "85"]
[EventDate "2018.09.15"]
[EventType "team-swiss"]
[EventRounds "9"]
[EventCountry "CRO"]
[SourceTitle "CBM 186 Extra"]
[Source "ChessBase"]
[SourceDate "2018.08.24"]
[SourceVersion "1"]
[SourceVersionDate "2018.08.24"]
[SourceQuality "1"]
[WhiteTeam "Split Mornar"]
[BlackTeam "Split Brda"]
[WhiteTeamCountry "CRO"]
[BlackTeamCountry "CRO"]

1. Nf3 b6 2. g3 Bb7 3. Bg2 g6 4. 0-0 Bg7 5. c4 f5 6. d4 Nf6 7. Nc3 0-0 8. d5 Na6 9. Ng5 h6 10. Nf3 Nc5 11. Nd4 Qe8 12. Ndb5 Qc8 13. f3 e5 14. b4 Na6 15. Rb1 Ne8 16. e4 c6 17. Na3 f4 18. Qd3 Kh7 19. Nc2 c5 20. b5 Nb4 21. Qe2 Nxc2 22. Qxc2 Qd8 23. Ne2 g5 24. Bh3 Nd6 25. Kh1 Kh8 26. Bb2 a6 27. gxf4 gxf4 28. Rg1 Qe7 29. a4 axb5 30. axb5 Rf7 31. Rg6 Rf6 32. Rg4 h5 33. Rg5 Nf7 34. Rg2 Bh6 35. Rbg1 Rd6 36. Bf5 Bg5 37. Qc3 Re8 38. Rxg5 Nxg5 39. Nxf4 Nf7 40. Ng6+ Rxg6 41. Bxg6 d6 42. f4 Bc8 43. Bxh5 1-0

[Event "CRO-chT1B 27th"]
[Site "Biograd"]
[Date "2018.09.16"]
[Round "2.26"]
[White "Brulic, Denis"]
[Black "Safar, Sandro"]
[Result "1-0"]
[WhiteElo "2232"]
[BlackElo "2214"]
[PlyCount "73"]
[EventDate "2018.09.15"]
[EventType "team-swiss"]
[EventRounds "9"]
[EventCountry "CRO"]
[SourceTitle "CBM 186 Extra"]
[Source "ChessBase"]
[SourceDate "2018.08.24"]
[SourceVersion "1"]
[SourceVersionDate "2018.08.24"]
[SourceQuality "1"]
[WhiteTeam "Split Mornar"]
[BlackTeam "Rijeka Junior"]
[WhiteTeamCountry "CRO"]
[BlackTeamCountry "CRO"]

1. e4 c5 2. Nf3 Nc6 3. d4 cxd4 4. Nxd4 g6 5. c4 Bg7 6. Be3 Nf6 7. Nc3 d6 8. Be2 0-0 9. 0-0 Bd7 10. h3 Nxd4 11. Bxd4 Bc6 12. Qc2 a5 13. Rad1 Nd7 14. Bxg7 Kxg7 15. Bg4 Ne5 16. c5 Qb8 17. cxd6 exd6 18. Rd4 Rd8 19. Rfd1 b5 20. Nd5 Bxd5 21. Rxd5 Qb6 22. Be2 Rac8 23. Qb3 b4 24. a3 Rb8 25. axb4 Qxb4 26. Qxb4 Rxb4 27. Rxe5 Rxb2 28. Bf1 dxe5 29. Rxd8 Rb4 30. f3 Kf6 31. Rd6+ Kg5 32. Rd5 Ra4 33. Rxe5+ Kf4 34. Re7 f6 35. Kf2 h5 36. h4 Ra2+ 37. Be2 1-0

[Event "CRO Cup"]
[Site "Mali Losinj"]
[Date "2016.05.08"]
[Round "6.12"]
[White "Jankovic, Alojzije"]
[Black "Brulic, Denis"]
[Result "1/2-1/2"]
[WhiteElo "2576"]
[BlackElo "2293"]
[PlyCount "23"]
[EventDate "2016.05.04"]
[EventType "team-swiss"]
[EventRounds "6"]
[EventCountry "CRO"]
[SourceTitle "CBM 172 Extra"]
[Source "ChessBase"]
[SourceDate "2016.06.21"]
[SourceVersion "1"]
[SourceVersionDate "2016.06.21"]
[SourceQuality "1"]
[WhiteTeam "Zagreb Zagreb"]
[BlackTeam "Split Mornar"]
[WhiteTeamCountry "CRO"]
[BlackTeamCountry "CRO"]

1. d4 Nf6 2. Bg5 d5 3. Bxf6 exf6 4. e3 c6 5. Nf3 Be6 6. Be2 Bd6 7. 0-0 0-0 8. Nbd2 Re8 9. c3 Nd7 10. a4 f5 11. g3 Nf6 12. b4 1/2-1/2

[Event "CRO Cup"]
[Site "Mali Losinj"]
[Date "2016.05.06"]
[Round "4.43"]
[White "Curic, Drazen"]
[Black "Brulic, Denis"]
[Result "1/2-1/2"]
[WhiteElo "2191"]
[BlackElo "2293"]
[PlyCount "58"]
[EventDate "2016.05.04"]
[EventType "team-swiss"]
[EventRounds "6"]
[EventCountry "CRO"]
[SourceTitle "CBM 172 Extra"]
[Source "ChessBase"]
[SourceDate "2016.06.21"]
[SourceVersion "1"]
[SourceVersionDate "2016.06.21"]
[SourceQuality "1"]
[WhiteTeam "Split Brda"]
[BlackTeam "Split Mornar"]
[WhiteTeamCountry "CRO"]
[BlackTeamCountry "CRO"]

1. g3 c5 2. Bg2 Nc6 3. Nf3 g6 4. 0-0 Bg7 5. d3 e6 6. e4 Nge7 7. Nbd2 0-0 8. a3 b6 9. Rb1 Bb7 10. b4 d6 11. Bb2 Nd4 12. Nxd4 cxd4 13. Nb3 e5 14. f4 Rc8 15. Rc1 Qd7 16. Nd2 Rfd8 17. c4 dxc3 18. Rxc3 Bc6 19. f5 f6 20. fxg6 hxg6 21. Qb3+ d5 22. b5 Bb7 23. Rxc8 Rxc8 24. d4 exd4 25. Bxd4 Rf8 26. Nf3 Qc7 27. Nd2 Qd7 28. Nf3 Qc7 29. Nd2 Qd7 1/2-1/2

[Event "CRO Cup"]
[Site "Mali Losinj"]
[Date "2016.05.04"]
[Round "1.43"]
[White "Brulic, Denis"]
[Black "Starcevic, Kresimir"]
[Result "1/2-1/2"]
[WhiteElo "2293"]
[BlackElo "2128"]
[PlyCount "62"]
[EventDate "2016.05.04"]
[EventType "team-swiss"]
[EventRounds "6"]
[EventCountry "CRO"]
[SourceTitle "CBM 172 Extra"]
[Source "ChessBase"]
[SourceDate "2016.06.21"]
[SourceVersion "1"]
[SourceVersionDate "2016.06.21"]
[SourceQuality "1"]
[WhiteTeam "Split Mornar"]
[BlackTeam "Zagreb Koncar"]
[WhiteTeamCountry "CRO"]
[BlackTeamCountry "CRO"]

1. Nf3 Nf6 2. c4 g6 3. b3 Bg7 4. Bb2 c5 5. g3 0-0 6. Bg2 Nc6 7. 0-0 d6 8. d4 Bg4 9. d5 Bxf3 10. Bxf3 Nd4 11. Bg2 Nd7 12. Nc3 b5 13. Nxb5 Nxb5 14. Bxg7 Kxg7 15. cxb5 Qa5 16. Qd3 Rfb8 17. Bh3 Nf6 18. a4 a6 19. bxa6 Rxa6 20. e4 Rb4 21. Bg2 Rab6 22. Rab1 Rd4 23. Qc2 Rd2 24. Qc4 Rb4 25. Qc1 Rbd4 26. Rb2 R2d3 27. Qb1 Ng4 28. h3 Nf6 29. Kh2 Qb4 30. Re1 Nd7 31. Ree2 Rd1 1/2-1/2

[Event "Zadar op-A 20th"]
[Site "Zadar"]
[Date "2013.12.17"]
[Round "4"]
[White "Cabarkapa, Novak"]
[Black "Brulic, Denis"]
[Result "1-0"]
[WhiteElo "2404"]
[BlackElo "2299"]
[PlyCount "71"]
[EventDate "2013.12.15"]
[EventType "swiss"]
[EventRounds "9"]
[EventCountry "CRO"]
[SourceTitle "CBM 158 Extra"]
[Source "ChessBase"]
[SourceDate "2014.02.28"]
[SourceVersion "1"]
[SourceVersionDate "2014.02.28"]
[SourceQuality "1"]

1. e4 c5 2. Nf3 e6 3. b3 Nc6 4. Bb2 Nge7 5. d4 cxd4 6. Nxd4 Nxd4 7. Qxd4 Nc6 8. Qe3 Qc7 9. Nc3 Bb4 10. a3 Bxc3+ 11. Qxc3 f6 12. 0-0-0 b6 13. Qf3 Ne5 14. Qh5+ Ng6 15. e5 f5 16. Qg5 Qc5 17. Rd2 Qe7 18. Qg3 Bb7 19. h4 0-0 20. h5 Nh8 21. Bb5 Rfd8 22. Rhd1 Bc8 23. Qf3 Rb8 24. g4 fxg4 25. Qxg4 Nf7 26. Qa4 a6 27. Bxd7 b5 28. Qb4 Rxd7 29. Rxd7 Qxd7 30. Rxd7 Bxd7 31. Qe7 Rd8 32. Bc3 Bc6 33. Ba5 Rf8 34. Bb4 Rd8 35. h6 gxh6 36. f4 1-0

[Event "Zadar op-A 20th"]
[Site "Zadar"]
[Date "2013.12.15"]
[Round "1"]
[White "Brulic, Denis"]
[Black "Martinovic, Sasa"]
[Result "0-1"]
[WhiteElo "2299"]
[BlackElo "2531"]
[PlyCount "94"]
[EventDate "2013.12.15"]
[EventType "swiss"]
[EventRounds "9"]
[EventCountry "CRO"]
[SourceTitle "CBM 158 Extra"]
[Source "ChessBase"]
[SourceDate "2014.02.28"]
[SourceVersion "1"]
[SourceVersionDate "2014.02.28"]
[SourceQuality "1"]

1. Nf3 Nf6 2. c4 g6 3. Nc3 Bg7 4. g3 0-0 5. Bg2 d6 6. d4 Nc6 7. 0-0 a6 8. Qc2 Bd7 9. Rd1 Rb8 10. e4 Bg4 11. h3 Bxf3 12. Bxf3 Nd7 13. Ne2 e5 14. dxe5 dxe5 15. Be3 Qe7 16. c5 Rfd8 17. Qc4 Nf8 18. Rd5 Ne6 19. Bg4 Ned4 20. Nxd4 Nxd4 21. h4 c6 22. Rxd8+ Rxd8 23. Kg2 h5 24. Bd1 Kh7 25. Bb3 Nxb3 26. Qxb3 Bh6 27. Rc1 Bxe3 28. Qxe3 Rd4 29. Rc2 Qd7 30. Qe2 Rd3 31. Qe1 Qd4 32. Qe2 Kg7 33. Qe1 Kf6 34. Qe2 Ke6 35. g4 Ke7 36. gxh5 gxh5 37. b3 Rd1 38. Rc4 Qa1 39. Qe3 Rg1+ 40. Kf3 Qd1+ 41. Qe2 Qd7 42. Ke3 Qh3+ 43. Kd2 Qxh4 44. Rb4 Qf4+ 45. Qe3 h4 46. Rxb7+ Kf8 47. Ke2 Qxe3+ 0-1

[Event "CRO-chT2S"]
[Site "Makarska"]
[Date "2013.11.10"]
[Round "9.2"]
[White "Brulic, Denis"]
[Black "Levacic, Patrick"]
[Result "0-1"]
[WhiteElo "2292"]
[BlackElo "2310"]
[PlyCount "126"]
[EventDate "2013.04.05"]
[EventType "team-tourn"]
[EventRounds "9"]
[EventCountry "CRO"]
[SourceTitle "EXT 2014"]
[Source "ChessBase"]
[SourceDate "2013.11.20"]
[SourceVersion "1"]
[SourceVersionDate "2013.11.20"]
[SourceQuality "1"]
[WhiteTeam "Split Mornar"]
[BlackTeam "Zadar"]
[WhiteTeamCountry "CRO"]
[BlackTeamCountry "CRO"]

1. Nf3 Nf6 2. g3 g6 3. Bg2 Bg7 4. 0-0 0-0 5. c4 d6 6. d4 c6 7. Nc3 Qa5 8. h3 e5 9. e4 Nbd7 10. Be3 exd4 11. Bxd4 Nb6 12. Qd3 Be6 13. b3 Rad8 14. Rac1 Nbd7 15. Rfd1 a6 16. Qd2 b5 17. cxb5 c5 18. Be3 axb5 19. Bh6 b4 20. Bxg7 Kxg7 21. Nd5 Bxd5 22. exd5 Ne4 23. Qf4 Ndf6 24. Nd4 Rde8 25. Re1 Nxd5 26. Qh4 cxd4 27. Rxe4 Nc3 28. Rxe8 Rxe8 29. Qxd4+ Qe5 30. Qxe5+ Rxe5 31. Rc2 Ra5 32. Rd2 d5 33. Bf3 Kf6 34. Rd4 Rb5 35. Rd2 Ke5 36. Be2 Ra5 37. f4+ Kd6 38. Bf3 Kc5 39. Kf2 Rxa2 40. Rxa2 Nxa2 41. Ke3 Nc3 42. g4 d4+ 43. Kd3 Nd5 44. Ke4 d3 45. f5 d2 46. fxg6 fxg6 47. Kd3 Nf4+ 48. Kxd2 Nxh3 49. Ke3 Ng5 50. Be2 Nf7 51. Ke4 Kd6 52. Kf4 h6 53. Bd3 Ne5 54. Be4 Ke6 55. Bc2 g5+ 56. Kg3 Kd5 57. Bf5 Kd4 58. Be6 Ke3 59. Bd5 Nd3 60. Bf7 Nc1 61. Be6 Ne2+ 62. Kh2 Kf3 63. Bc4 Nf4 0-1

[Event "CRO-chT2S"]
[Site "Makarska"]
[Date "2013.11.09"]
[Round "8.2"]
[White "Bratosevic, Mladen"]
[Black "Brulic, Denis"]
[Result "0-1"]
[WhiteElo "2191"]
[BlackElo "2292"]
[PlyCount "118"]
[EventDate "2013.04.05"]
[EventType "team-tourn"]
[EventRounds "9"]
[EventCountry "CRO"]
[SourceTitle "EXT 2014"]
[Source "ChessBase"]
[SourceDate "2013.11.20"]
[SourceVersion "1"]
[SourceVersionDate "2013.11.20"]
[SourceQuality "1"]
[WhiteTeam "Mravince II"]
[BlackTeam "Split Mornar"]
[WhiteTeamCountry "CRO"]
[BlackTeamCountry "CRO"]

1. Nf3 c5 2. c4 Nc6 3. Nc3 g6 4. d4 cxd4 5. Nxd4 Bg7 6. Nc2 d6 7. e4 Be6 8. Be2 Bxc3+ 9. bxc3 Qa5 10. 0-0 Nf6 11. Nd4 Rc8 12. Nxe6 fxe6 13. Bg4 Nd8 14. e5 Qxe5 15. Re1 Qxc3 16. Bd2 Qd4 17. Bxe6 Nxe6 18. Rxe6 Rxc4 19. Qe1 Ne4 20. Rd1 Qd5 21. Rxe7+ Kxe7 22. Bc3 Qxd1 23. Qxd1 Nxc3 24. Qe1+ Kd7 25. h3 Re8 26. Qd2 Re7 27. a4 Ne2+ 28. Kh2 Rxa4 29. Qb2 Kd8 30. Qf6 Rd4 31. Qf8+ Kd7 32. Qb8 Kc6 33. Qc8+ Kb6 34. Qf8 Rc7 35. Qf3 Re7 36. Qf8 Rde4 37. Qd8+ Kc6 38. Qc8+ Kb6 39. Qd8+ Kc6 40. Qc8+ Kd5 41. Qg8+ R4e6 42. Qf8 Nd4 43. Qf4 a6 44. Qg5+ Re5 45. Qd2 Re2 46. Qa5+ Nb5 47. Qb6 Rc2 48. Kg3 Rc3+ 49. f3 Rc2 50. h4 Nd4 51. Qa5+ Rc5 52. Qa2+ Kc6 53. Qa4+ Nb5 54. Qg4 Kb6 55. Qf4 Rc2 56. Qh6 Rcc7 57. Kg4 Rc4+ 58. Kg3 Nd4 59. Qd2 Re2 0-1

[Event "CRO-chT2S"]
[Site "Makarska"]
[Date "2013.11.08"]
[Round "7.2"]
[White "Brulic, Denis"]
[Black "Bozanic, Ivica"]
[Result "1-0"]
[WhiteElo "2292"]
[BlackElo "2224"]
[PlyCount "107"]
[EventDate "2013.04.05"]
[EventType "team-tourn"]
[EventRounds "9"]
[EventCountry "CRO"]
[SourceTitle "EXT 2014"]
[Source "ChessBase"]
[SourceDate "2013.11.20"]
[SourceVersion "1"]
[SourceVersionDate "2013.11.20"]
[SourceQuality "1"]
[WhiteTeam "Split Mornar"]
[BlackTeam "Primosten"]
[WhiteTeamCountry "CRO"]
[BlackTeamCountry "CRO"]

1. d4 Nf6 2. c4 c5 3. d5 d6 4. Nc3 e5 5. e4 g6 6. Be2 h5 7. Nf3 Bh6 8. Ng5 Ng4 9. h4 Kf8 10. f3 Nf6 11. Be3 Kg7 12. Qd2 a6 13. a4 Nbd7 14. g4 Qe7 15. Ne6+ fxe6 16. g5 exd5 17. gxh6+ Kh7 18. cxd5 Rb8 19. Nd1 Re8 20. Nf2 Nf8 21. b4 cxb4 22. Qxb4 Bd7 23. a5 Ng8 24. Bg5 Nf6 25. Rc1 Bb5 26. Bxb5 axb5 27. Qxb5 Kg8 28. Ke2 Rec8 29. Rhg1 N8h7 30. Be3 Qf7 31. Qb6 Ne8 32. Nh3 Ra8 33. Bd2 Rxc1 34. Rxc1 Qd7 35. Nf2 Rc8 36. Rb1 Rc7 37. Rg1 Kf7 38. Nd3 Qe7 39. Qf2 Qf6 40. f4 exf4 41. Nxf4 Re7 42. Ne6 Qxf2+ 43. Kxf2 Nef6 44. Ke3 Nf8 45. Ng5+ Kg8 46. Kd3 N8d7 47. Bb4 Ne5+ 48. Kd4 Nf3+ 49. Nxf3 Rxe4+ 50. Kd3 Rxb4 51. Rxg6+ Kf7 52. Rg7+ Kf8 53. Nd4 Ke8 54. h7 1-0

[Event "CRO-chT Cup 22nd"]
[Site "Bol"]
[Date "2013.05.25"]
[Round "5.81"]
[White "Biti, Ozren"]
[Black "Brulic, Denis"]
[Result "1/2-1/2"]
[WhiteElo "2391"]
[BlackElo "2295"]
[PlyCount "44"]
[EventDate "2013.05.22"]
[EventType "team"]
[EventRounds "6"]
[EventCountry "CRO"]
[SourceTitle "CBM 154 Extra"]
[Source "ChessBase"]
[SourceDate "2013.06.25"]
[SourceVersion "2"]
[SourceVersionDate "2013.06.25"]
[SourceQuality "1"]
[WhiteTeam "Varazdin"]
[BlackTeam "Split Mornar"]
[WhiteTeamCountry "CRO"]
[BlackTeamCountry "CRO"]

1. e4 c5 2. Nc3 a6 3. g3 b5 4. Bg2 Bb7 5. d3 e6 6. Nh3 h5 7. Bg5 Qc7 8. 0-0 Nc6 9. a4 Nd4 10. axb5 axb5 11. Rxa8+ Bxa8 12. Ne2 Be7 13. c3 Nxe2+ 14. Qxe2 h4 15. Ra1 Bc6 16. Bxe7 Nxe7 17. Qe3 Bb7 18. Qg5 hxg3 19. hxg3 Kf8 20. d4 cxd4 21. cxd4 Qb6 22. d5 f6 1/2-1/2

[Event "CRO-chT2S"]
[Site "Makarska"]
[Date "2013.04.05"]
[Round "1.2"]
[White "Saric, Zrinka"]
[Black "Brulic, Denis"]
[Result "1/2-1/2"]
[WhiteElo "2072"]
[BlackElo "2292"]
[PlyCount "36"]
[EventDate "2013.04.05"]
[EventType "team-tourn"]
[EventRounds "9"]
[EventCountry "CRO"]
[SourceTitle "EXT 2014"]
[Source "ChessBase"]
[SourceDate "2013.11.20"]
[SourceVersion "1"]
[SourceVersionDate "2013.11.20"]
[SourceQuality "1"]
[WhiteTeam "Omis"]
[BlackTeam "Split Mornar"]
[WhiteTeamCountry "CRO"]
[BlackTeamCountry "CRO"]

1. e4 c5 2. Nf3 e6 3. d4 cxd4 4. Nxd4 a6 5. c4 Qh4 6. Qd3 Nf6 7. Nc3 Bb4 8. e5 Qe4+ 9. Qxe4 Nxe4 10. a3 Bxc3+ 11. bxc3 Nxc3 12. Bd3 Na4 13. Be3 Nc5 14. Bc2 d6 15. exd6 Nbd7 16. Nb3 Nxb3 17. Bxb3 b5 18. 0-0 Ne5 1/2-1/2

[Event "Split Zupanije-ch"]
[Site "Split"]
[Date "2013.03.24"]
[Round "8"]
[White "Brulic, Denis"]
[Black "Dzaja, Martin Zorislav"]
[Result "1-0"]
[WhiteElo "2303"]
[BlackElo "1935"]
[PlyCount "71"]
[EventDate "2013.03.16"]
[EventType "swiss"]
[EventRounds "9"]
[EventCountry "CRO"]
[SourceTitle "CBM 153 Extra"]
[Source "ChessBase"]
[SourceDate "2013.04.22"]
[SourceVersion "1"]
[SourceVersionDate "2013.04.22"]
[SourceQuality "1"]

1. d4 Nf6 2. Bg5 Ne4 3. Bf4 d5 4. f3 Nf6 5. c4 c6 6. e3 Bf5 7. Nc3 e6 8. Qb3 Qb6 9. c5 Qxb3 10. axb3 Nbd7 11. g4 Bg6 12. b4 Be7 13. b5 h5 14. g5 Nh7 15. h4 f6 16. gxf6 gxf6 17. b4 e5 18. Bg3 Nhf8 19. bxc6 bxc6 20. b5 Ne6 21. bxc6 Nb8 22. Nxd5 Nxc6 23. Bb5 Rc8 24. Rxa7 Rh7 25. Nxe7 Rxe7 26. Rxe7+ Kxe7 27. Bxc6 Rxc6 28. d5 Rxc5 29. dxe6 Kxe6 30. Ne2 Rc2 31. Rh2 Bd3 32. Kd1 f5 33. Nd4+ exd4 34. Rxc2 Bxc2+ 35. Kxc2 dxe3 36. Kd3 1-0

[Event "Split Zupanije-ch"]
[Site "Split"]
[Date "2013.03.21"]
[Round "6"]
[White "Plenkovic, Zdenko"]
[Black "Brulic, Denis"]
[Result "1-0"]
[WhiteElo "2373"]
[BlackElo "2303"]
[PlyCount "45"]
[EventDate "2013.03.16"]
[EventType "swiss"]
[EventRounds "9"]
[EventCountry "CRO"]
[SourceTitle "CBM 153 Extra"]
[Source "ChessBase"]
[SourceDate "2013.04.22"]
[SourceVersion "1"]
[SourceVersionDate "2013.04.22"]
[SourceQuality "1"]

1. e4 c5 2. Nf3 e6 3. d4 cxd4 4. Nxd4 a6 5. Bd3 Bc5 6. Be3 Qf6 7. c3 Nc6 8. 0-0 Nxd4 9. cxd4 Bxd4 10. Nd2 Ne7 11. e5 Bxe5 12. Ne4 Qh4 13. g3 Qh3 14. Ng5 Qh6 15. Nxf7 Qf6 16. Nxh8 g6 17. Nxg6 hxg6 18. Qg4 Nf5 19. Bg5 Qh8 20. Rae1 Kf7 21. b3 Bd4 22. Qf3 Qh3 23. Re4 1-0

[Event "Split Zupanije-ch"]
[Site "Split"]
[Date "2013.03.18"]
[Round "3"]
[White "Brkic, Ivica"]
[Black "Brulic, Denis"]
[Result "0-1"]
[WhiteElo "2103"]
[BlackElo "2303"]
[PlyCount "70"]
[EventDate "2013.03.16"]
[EventType "swiss"]
[EventRounds "9"]
[EventCountry "CRO"]
[SourceTitle "CBM 153 Extra"]
[Source "ChessBase"]
[SourceDate "2013.04.22"]
[SourceVersion "1"]
[SourceVersionDate "2013.04.22"]
[SourceQuality "1"]

1. e4 c5 2. Nf3 e6 3. d4 cxd4 4. Nxd4 a6 5. Nc3 Qc7 6. Bd3 Nf6 7. Qe2 Bc5 8. Nb3 Bd6 9. h3 Nc6 10. 0-0 Bf4 11. Bxf4 Qxf4 12. g3 Qc7 13. Rae1 d6 14. f4 0-0 15. g4 Re8 16. g5 Nd7 17. Qg2 b5 18. Rf2 Bb7 19. Qg3 b4 20. Nd1 a5 21. Ne3 a4 22. Nc1 Nc5 23. Ng4 Kh8 24. h4 Nd4 25. Kh2 d5 26. c3 dxe4 27. cxd4 Nxd3 28. Nxd3 exd3 29. Qxd3 Rad8 30. h5 Rd5 31. h6 Rxg5 32. hxg7+ Rxg7 33. Rg1 Reg8 34. Nf6 Qd8 35. Rxg7 Rxg7 0-1

[Event "Split op 1st"]
[Site "Split"]
[Date "2011.08.12"]
[Round "8"]
[White "Dragomirescu, Calin"]
[Black "Brulic, Denis"]
[Result "1/2-1/2"]
[WhiteElo "2215"]
[BlackElo "2325"]
[PlyCount "78"]
[EventDate "2011.08.05"]
[EventType "swiss"]
[EventRounds "9"]
[EventCountry "CRO"]
[SourceTitle "CBM 143 Extra"]
[Source "ChessBase"]
[SourceDate "2011.08.29"]
[SourceVersion "1"]
[SourceVersionDate "2011.08.29"]
[SourceQuality "1"]

1. d4 Nf6 2. c4 e6 3. g3 Bb4+ 4. Bd2 Qe7 5. Bg2 Nc6 6. Nf3 d6 7. Bxb4 Nxb4 8. Nc3 a5 9. a3 Nc6 10. 0-0 0-0 11. e4 e5 12. d5 Nb8 13. Ne1 Na6 14. Nd3 Nc5 15. Qc2 Nxd3 16. Qxd3 a4 17. Qc2 Bd7 18. Rac1 h5 19. h4 Ng4 20. Qd2 Kh7 21. Nd1 b6 22. Ne3 Nxe3 23. Qxe3 Ra5 24. Kh2 Rc5 25. Bh3 Bxh3 26. Kxh3 f5 27. exf5 Rxf5 28. Qe4 g6 29. Kg2 Qd7 30. Rc3 Rf7 31. Re1 Qf5 32. f3 Kg7 33. Qxf5 gxf5 34. Kh3 Kh6 35. Rg1 Rf6 36. g4 fxg4+ 37. fxg4 Rf4 38. g5+ Kg6 39. Rgg3 Rd4 1/2-1/2

[Event "Split op 1st"]
[Site "Split"]
[Date "2011.08.08"]
[Round "4"]
[White "Cecuk, Marijo"]
[Black "Brulic, Denis"]
[Result "1/2-1/2"]
[WhiteElo "2104"]
[BlackElo "2325"]
[PlyCount "137"]
[EventDate "2011.08.05"]
[EventType "swiss"]
[EventRounds "9"]
[EventCountry "CRO"]
[SourceTitle "CBM 143 Extra"]
[Source "ChessBase"]
[SourceDate "2011.08.29"]
[SourceVersion "1"]
[SourceVersionDate "2011.08.29"]
[SourceQuality "1"]

1. e4 c5 2. Nc3 e6 3. g3 Nc6 4. Bg2 g6 5. Nge2 Bg7 6. 0-0 Nge7 7. d3 0-0 8. Be3 Nd4 9. Qd2 Qa5 10. f4 Nxe2+ 11. Qxe2 d6 12. Qd2 Nc6 13. Rf2 f5 14. Raf1 Bd7 15. h3 Rae8 16. a3 Nd4 17. Kh2 Bc6 18. Bh1 Kh8 19. Rg1 Qd8 20. Nd1 e5 21. c3 Ne6 22. fxe5 dxe5 23. exf5 Bxh1 24. fxe6 Rxf2+ 25. Nxf2 Bd5 26. Bxc5 Rxe6 27. Be3 h5 28. Ne4 Qc8 29. Rf1 Qc6 30. Ng5 Rf6 31. Rxf6 Bxf6 32. Qf2 Kg7 33. c4 Bh1 34. b4 Bxg5 35. Bxg5 Qf3 36. Be3 Qd1 37. Qg1 Bf3 38. Qxd1 Bxd1 39. d4 Bb3 40. dxe5 Bxc4 41. Bxa7 b5 42. Kg2 Kf7 43. Kf3 Ke6 44. Ke4 Bf1 45. h4 Be2 46. Kd4 Bf1 47. Bb8 Be2 48. Kc5 Bf1 49. Kb6 Bc4 50. Ka5 Kf5 51. Bc7 Ke6 52. a4 Kd7 53. Bb6 Kc6 54. Be3 bxa4 55. Kxa4 Bd3 56. Bc5 Bc4 57. Bf8 Kd5 58. Bd6 Kc6 59. Ka3 Kd5 60. Kb2 Kd4 61. Kc2 Kd5 62. Kd2 Kd4 63. Bc7 Kd5 64. Ke3 Bb5 65. Kf4 Ke6 66. Kg5 Bd3 67. g4 hxg4 68. Kxg4 Kf7 69. Kg5 1/2-1/2

[Event "CRO-chT1B 19th"]
[Site "Sibenik"]
[Date "2010.09.11"]
[Round "8"]
[White "Rogulj, Branko"]
[Black "Brulic, Denis"]
[Result "1/2-1/2"]
[WhiteElo "2412"]
[BlackElo "2331"]
[PlyCount "84"]
[EventDate "2010.09.04"]
[EventType "team-tourn"]
[EventRounds "9"]
[EventCountry "CRO"]
[SourceTitle "CBM 138 Extra"]
[Source "ChessBase"]
[SourceDate "2010.10.29"]
[SourceVersion "1"]
[SourceVersionDate "2010.10.29"]
[SourceQuality "1"]

1. e4 c6 2. d4 d5 3. exd5 cxd5 4. c4 Nf6 5. Nc3 Nc6 6. Bg5 Be6 7. a3 h6 8. Bxf6 gxf6 9. Nf3 Qd7 10. c5 Bg4 11. Be2 a5 12. 0-0 Bg7 13. h3 Bh5 14. Qa4 0-0 15. Rad1 Kh8 16. Rfe1 e6 17. Nh4 Bxe2 18. Rxe2 f5 19. Nf3 Rg8 20. Rd3 Bf6 21. Qd1 Rg7 22. Qd2 Kh7 23. Nb5 Nb4 24. axb4 Qxb5 25. bxa5 Rxa5 26. Ra3 Rxa3 27. bxa3 b6 28. cxb6 Qxb6 29. Qb4 Qc7 30. Qb3 Qf4 31. Qe3 Qe4 32. Kf1 Rg8 33. Qc3 Qb1+ 34. Re1 Qb5+ 35. Kg1 Qc4 36. Qxc4 dxc4 37. Rc1 Ra8 38. Rc3 Be7 39. Ne5 Bxa3 40. Rxc4 Bd6 41. Kf1 Bxe5 42. dxe5 Ra5 1/2-1/2